[Event "Liga Madrid 2009-2010 Division de Honor"]
[Site "Madrid ESP"]
[Date "2010.02.14"]
[Round "10.22"]
[White "Gallardo Garcia, Andres"]
[Black "Cao Armillas, Jesus"]
[Result "1-0"]
[WhiteElo "2418"]
[BlackElo "2205"]
[PlyCount "89"]
[EventDate "2009.11.22"]
[EventType "team"]
[EventRounds "14"]
[EventCountry "ESP"]
[Source "lmi"]
[SourceDate "2009.11.22"]

1. e4 e6 2. d4 d5 3. Nd2 Nf6 4. e5 Nfd7 5. c3 c5 6. f4 Nc6 7. Ndf3 Be7 8. Bd3
Qa5 9. Kf2 f6 10. g3 Qb6 11. Kg2 Kd8 12. Ne2 c4 13. Bc2 f5 14. b3 Na5 15. Ng5
cxb3 16. axb3 Ke8 17. Nxe6 Qxe6 18. Rxa5 b6 19. Ra2 a5 20. Bd3 Bb7 21. Bb5 Bc6
22. Qd3 g6 23. Ba3 Bxa3 24. Rxa3 Ke7 25. h4 h5 26. Rha1 Ra7 27. b4 Rha8 28. Ng1
Nf8 29. Nf3 Qd7 30. Bxc6 Qxc6 31. b5 Qc7 32. e6 Nxe6 33. Ne5 Kf6 34. Nc6 Rb7
35. Re1 Qd6 36. Ra2 Rc8 37. Rae2 Ng7 38. Re5 Rxc6 39. bxc6 Qxc6 40. Qe3 Rf7 41.
Re7 Qd6 42. Qe5+ Qxe5 43. Rxf7+ Kxf7 44. dxe5 b5 45. Rb1 1-0

[Event "Liga Madrid 2009-2010 Division de Honor"]
[Site "Madrid ESP"]
[Date "2010.02.14"]
[Round "10.23"]
[White "Cepeda Delgado, Camilo Jose"]
[Black "Prieto Martin, Alfonso"]
[Result "1-0"]
[WhiteElo "2141"]
[BlackElo "2212"]
[PlyCount "73"]
[EventDate "2009.11.22"]
[EventType "team"]
[EventRounds "14"]
[EventCountry "ESP"]
[Source "lmi"]
[SourceDate "2009.11.22"]

1. d4 Nf6 2. c4 e6 3. Nc3 Bb4 4. Qc2 d5 5. e3 O-O 6. Nf3 Nbd7 7. Bd2 c6 8. Bd3
a6 9. a3 dxc4 10. Bxc4 Bd6 11. O-O b5 12. Be2 c5 13. dxc5 Nxc5 14. b4 Ncd7 15.
Ne4 Nxe4 16. Qxe4 Rb8 17. Bc3 Nf6 18. Qd4 Qe7 19. Rfd1 Rd8 20. Ne5 Bb7 21. Rac1
Ne4 22. Nc6 Bxh2+ 23. Kf1 Rxd4 24. Nxe7+ Kf8 25. Bxd4 Kxe7 26. g3 Bd5 27. Rc7+
Kf8 28. Bc5+ Kg8 29. Rxd5 exd5 30. Kg2 Bxg3 31. fxg3 Re8 32. Bf3 h6 33. Rd7
Nxc5 34. bxc5 Rxe3 35. c6 Rc3 36. c7 Kh7 37. Bxd5 1-0

[Event "Liga Madrid 2009-2010 Division de Honor"]
[Site "Madrid ESP"]
[Date "2010.02.14"]
[Round "10.24"]
[White "Cesar Benavides, Juan Antonio"]
[Black "Lorite Cruz, Francisco"]
[Result "0-1"]
[WhiteElo "2175"]
[BlackElo "2073"]
[PlyCount "136"]
[EventDate "2009.11.22"]
[EventType "team"]
[EventRounds "14"]
[EventCountry "ESP"]
[Source "lmi"]
[SourceDate "2009.11.22"]

1. d4 Nf6 2. Nf3 c5 3. Bf4 cxd4 4. Nxd4 e5 5. Nb5 exf4 6. Nd6+ Bxd6 7. Qxd6
Qa5+ 8. b4 Qd5 9. Qxf4 Nc6 10. Nc3 Qe5 11. Qxe5+ Nxe5 12. Nb5 Ke7 13. Rd1 Ne8
14. Nc3 d6 15. Nd5+ Kf8 16. f4 Ng6 17. g3 Be6 18. Nc3 Rc8 19. Rd3 Bc4 20. Rd4
Ne7 21. Kd2 Nf5 22. Rxc4 Rxc4 23. e4 Rxc3 24. Kxc3 Ne7 25. Bd3 Nc6 26. Kc4 Ke7
27. c3 Nf6 28. Re1 Rc8 29. Kb3 Kf8 30. a3 Rd8 31. Kb2 g6 32. Re2 d5 33. e5 Ne4
34. Bxe4 dxe4 35. Kc2 Ke7 36. Rxe4 Ke6 37. Re3 Kf5 38. h3 h5 39. Re1 Rd7 40.
Re2 h4 41. gxh4 Kxf4 42. e6 fxe6 43. Rxe6 Kf5 44. Re8 Rh7 45. b5 Ne5 46. Ra8 b6
47. Rf8+ Ke4 48. Rd8 Nf3 49. a4 Nxh4 50. Kb3 Nf5 51. Rg8 Ne7 52. Re8 Kd5 53.
Ra8 Nf5 54. Rg8 Rg7 55. Rh8 Ne7 56. Rh4 g5 57. Rg4 Nf5 58. Kb4 Ke5 59. a5 Ne3
60. Rg1 Nd5+ 61. Kb3 Kf5 62. a6 Rh7 63. Rf1+ Nf4 64. Rd1 Nxh3 65. Rd8 g4 66.
Rb8 g3 67. Rb7 Rh8 68. Rxa7 g2 0-1

[Event "Liga Madrid 2009-2010 Division de Honor"]
[Site "Madrid ESP"]
[Date "2010.02.14"]
[Round "10.25"]
[White "San Juan Rodriguez, Miguel"]
[Black "Nunez Gutierrez, Juan Carlos"]
[Result "1-0"]
[WhiteElo "2073"]
[BlackElo "2101"]
[PlyCount "71"]
[EventDate "2009.11.22"]
[EventType "team"]
[EventRounds "14"]
[EventCountry "ESP"]
[Source "lmi"]
[SourceDate "2009.11.22"]

1. e4 e5 2. Nf3 Nf6 3. d4 Nxe4 4. Bd3 d5 5. Nxe5 Nd7 6. Nxd7 Bxd7 7. O-O Bd6 8.
c4 c6 9. Nc3 Nxc3 10. bxc3 Qh4 11. Re1+ Kf8 12. g3 Qg4 13. Qb3 h5 14. Ba3 Bxa3
15. Qxa3+ Kg8 16. Re5 h4 17. Bf1 hxg3 18. fxg3 g6 19. Rae1 Kg7 20. Qb2 Qf3 21.
R1e3 Qf6 22. cxd5 cxd5 23. Bg2 Bc6 24. Bxd5 Bxd5 25. Rxd5 Rac8 26. Qe2 Rc7 27.
Rf3 Qb6 28. Qe5+ f6 29. Rxf6 Qxf6 30. Qxc7+ Kh6 31. Qe5 Qxe5 32. Rxe5 Rh7 33.
Kf2 g5 34. Re6+ Kh5 35. h3 Rf7+ 36. Kg2 1-0

[Event "Liga Madrid 2009-2010 Division de Honor"]
[Site "Madrid ESP"]
[Date "2010.02.14"]
[Round "10.26"]
[White "Davicce Canada, Juan Antonio"]
[Black "Tipter, Napoleon"]
[Result "1-0"]
[WhiteElo "2079"]
[BlackElo "2048"]
[PlyCount "59"]
[EventDate "2009.11.22"]
[EventType "team"]
[EventRounds "14"]
[EventCountry "ESP"]
[Source "lmi"]
[SourceDate "2009.11.22"]

1. d4 Nf6 2. c4 c5 3. d5 b5 4. f3 e5 5. cxb5 a6 6. e4 Nxe4 7. fxe4 Qh4+ 8. Ke2
Qxe4+ 9. Kf2 c4 10. Be3 Be7 11. Nf3 Qf5 12. Bxc4 e4 13. Qc2 d6 14. Re1 Bh4+ 15.
Kg1 Bxe1 16. Nxe1 O-O 17. Nc3 Re8 18. Qe2 Nd7 19. bxa6 Nf6 20. Nc2 Ng4 21. Rf1
Qe5 22. Bf4 Qe7 23. Ne3 Ne5 24. Bb5 Bd7 25. Bxe5 Bxb5 26. Nxb5 dxe5 27. d6 Qd7
28. Nc7 Qxd6 29. Nxe8 Rxe8 30. Qc4 1-0

[Event "Liga Madrid 2009-2010 Division de Honor"]
[Site "Madrid ESP"]
[Date "2010.02.14"]
[Round "10.32"]
[White "Gallego Jimenez, Victoriano"]
[Black "Perez Gonzalez, Jose Manuel"]
[Result "1/2-1/2"]
[WhiteElo "2421"]
[BlackElo "2332"]
[PlyCount "91"]
[EventDate "2009.11.22"]
[EventType "team"]
[EventRounds "14"]
[EventCountry "ESP"]
[Source "lmi"]
[SourceDate "2009.11.22"]

1. d4 Nf6 2. c4 c5 3. d5 b5 4. cxb5 a6 5. bxa6 g6 6. Nc3 Bxa6 7. e4 Bxf1 8.
Kxf1 d6 9. Nf3 Nbd7 10. g3 Bg7 11. Kg2 O-O 12. Re1 Ng4 13. Nd2 Nge5 14. Qe2 Nb6
15. f4 Ned7 16. a4 Ra7 17. a5 Qa8 18. a6 Qc8 19. Nb5 Ra8 20. Nf3 Nb8 21. a7
N8d7 22. Nc3 Qb7 23. Qa6 Qxa6 24. Rxa6 Bxc3 25. bxc3 Nc8 26. Bb2 Rxa7 27. Rxa7
Nxa7 28. Ra1 Nc8 29. c4 Ncb6 30. Nd2 f6 31. Kf3 Kf7 32. Ke3 e6 33. Kd3 Ra8 34.
Rxa8 Nxa8 35. dxe6+ Kxe6 36. g4 f5 37. Nf3 fxe4+ 38. Kxe4 Nab6 39. Nd2 Nf6+ 40.
Bxf6 Kxf6 41. h3 h5 42. gxh5 gxh5 43. f5 h4 44. Kf4 d5 45. cxd5 Nxd5+ 46. Kg4
1/2-1/2

[Event "Liga Madrid 2009-2010 Division de Honor"]
[Site "Madrid ESP"]
[Date "2010.02.14"]
[Round "10.33"]
[White "Vallejo Diaz, Javier"]
[Black "Elguezabal Varela, Daniel"]
[Result "1-0"]
[WhiteElo "2310"]
[BlackElo "2377"]
[PlyCount "89"]
[EventDate "2009.11.22"]
[EventType "team"]
[EventRounds "14"]
[EventCountry "ESP"]
[Source "lmi"]
[SourceDate "2009.11.22"]

1. e4 c6 2. d4 d5 3. Nd2 dxe4 4. Nxe4 Bf5 5. Ng3 Bg6 6. h4 h6 7. Nh3 e6 8. Nf4
Bh7 9. Bc4 Nf6 10. Qe2 Bd6 11. Ngh5 Nxh5 12. Nxh5 Rg8 13. Be3 Nd7 14. O-O-O Qe7
15. Ng3 O-O-O 16. Bd3 Bxd3 17. Qxd3 Nf6 18. Ne4 Nxe4 19. Qxe4 Bc7 20. g3 Qd6
21. c4 Qb4 22. Qc2 Qe7 23. Rhe1 Bb6 24. Qa4 Kb8 25. Rd3 c5 26. d5 Qd7 27. Qa3
exd5 28. Rxd5 Qc6 29. Red1 Rxd5 30. Rxd5 Rc8 31. Qd3 Re8 32. Rd7 Qe6 33. Kc2
Kc8 34. Rd5 Qc6 35. Rd6 Qe4 36. Rd5 Qe7 37. Qf5+ Qe6 38. Qd3 Qe7 39. h5 Rd8 40.
Qf5+ Kb8 41. Rxd8+ Bxd8 42. Qxc5 Qe4+ 43. Kd2 b6 44. Qd4 Qe7 45. Qxg7 1-0

[Event "Liga Madrid 2009-2010 Division de Honor"]
[Site "Madrid ESP"]
[Date "2010.02.14"]
[Round "10.34"]
[White "Rojo Huerta, Gabriel"]
[Black "Vallejo Diaz, Jesus"]
[Result "1-0"]
[WhiteElo "2374"]
[BlackElo "2277"]
[PlyCount "57"]
[EventDate "2009.11.22"]
[EventType "team"]
[EventRounds "14"]
[EventCountry "ESP"]
[Source "lmi"]
[SourceDate "2009.11.22"]

1. d4 Nf6 2. c4 g6 3. Nc3 Bg7 4. e4 d6 5. Nf3 O-O 6. Be3 Na6 7. Be2 e5 8. O-O
exd4 9. Nxd4 Re8 10. f3 c6 11. Qd2 d5 12. cxd5 cxd5 13. e5 Rxe5 14. Bxa6 Rxe3
15. Qxe3 bxa6 16. Rad1 Qd6 17. Rfe1 Bd7 18. Nb3 Bf5 19. Qc5 Qf4 20. Nxd5 Nxd5
21. Qxd5 Rc8 22. Nd4 Bxd4+ 23. Qxd4 Qg5 24. h4 Qg3 25. Qf6 Qc7 26. h5 Qc5+ 27.
Kh1 gxh5 28. Re5 Qc2 29. Red5 1-0

[Event "Liga Madrid 2009-2010 Division de Honor"]
[Site "Madrid ESP"]
[Date "2010.02.14"]
[Round "10.35"]
[White "Fernandez Garcia, Miguel Angel"]
[Black "Navarro Nicolas, Victor Manuel"]
[Result "1-0"]
[WhiteElo "2254"]
[BlackElo "2228"]
[PlyCount "87"]
[EventDate "2009.11.22"]
[EventType "team"]
[EventRounds "14"]
[EventCountry "ESP"]
[Source "lmi"]
[SourceDate "2009.11.22"]

1. d4 Nf6 2. c4 g6 3. Nc3 d5 4. Nf3 Bg7 5. Bf4 O-O 6. Rc1 dxc4 7. e4 Bg4 8.
Bxc4 Bxf3 9. gxf3 Nh5 10. Be3 e5 11. dxe5 Bxe5 12. Qxd8 Rxd8 13. O-O Nf4 14.
Ne2 Nxe2+ 15. Bxe2 Nc6 16. f4 Bd4 17. Rfd1 Bxe3 18. fxe3 Rxd1+ 19. Rxd1 Rd8 20.
Rxd8+ Nxd8 21. e5 Kf8 22. Kf2 Ke7 23. h4 Ne6 24. h5 Ng7 25. hxg6 hxg6 26. e4
Ne6 27. Ke3 c6 28. Bc4 c5 29. f5 gxf5 30. exf5 Nd4 31. f6+ Ke8 32. Ke4 b5 33.
Bf1 a6 34. Kd5 Ne6 35. b3 Kd8 36. Kd6 Ke8 37. a4 c4 38. bxc4 bxa4 39. c5 a3 40.
Bc4 Nd4 41. c6 Nf5+ 42. Kc5 Ne3 43. e6 fxe6 44. Bxe6 1-0

[Event "Liga Madrid 2009-2010 Division de Honor"]
[Site "Madrid ESP"]
[Date "2010.02.14"]
[Round "10.36"]
[White "Gemy Vargas, Daniel"]
[Black "Paredes Sanchez, Juan"]
[Result "1-0"]
[WhiteElo "2169"]
[BlackElo "2200"]
[PlyCount "85"]
[EventDate "2009.11.22"]
[EventType "team"]
[EventRounds "14"]
[EventCountry "ESP"]
[Source "lmi"]
[SourceDate "2009.11.22"]

1. d4 Nf6 2. Nf3 g6 3. c4 Bg7 4. Nc3 d6 5. e4 O-O 6. h3 e5 7. dxe5 dxe5 8. Qxd8
Rxd8 9. Bg5 Nbd7 10. O-O-O Rf8 11. Be3 c6 12. g4 Re8 13. Nd2 Bf8 14. Nb3 a5 15.
a4 Bb4 16. f3 Nf8 17. h4 Ne6 18. h5 Nd7 19. hxg6 fxg6 20. Na2 Be7 21. Kc2 Rf8
22. Be2 Ndc5 23. Nc3 Nxb3 24. Kxb3 Bc5 25. Bxc5 Nxc5+ 26. Kc2 Ne6 27. Kd3 Nd4
28. Ke3 Be6 29. Rxd4 exd4+ 30. Kxd4 Rad8+ 31. Ke3 Kg7 32. f4 Rf7 33. e5 Rfd7
34. Ne4 Bg8 35. f5 Rd4 36. e6 b6 37. f6+ Kh8 38. e7 Rxe4+ 39. Kxe4 Rb8 40. Rd1
Rc8 41. Ke5 h6 42. c5 bxc5 43. Rd8 1-0

[Event "Liga Madrid 2009-2010 Division de Honor"]
[Site "Madrid ESP"]
[Date "2010.02.14"]
[Round "10.41"]
[White "Moreno Ruiz, Javier"]
[Black "Serrano Salvador, Eduardo"]
[Result "1-0"]
[WhiteElo "2459"]
[BlackElo "2319"]
[PlyCount "121"]
[EventDate "2009.11.22"]
[EventType "team"]
[EventRounds "14"]
[EventCountry "ESP"]
[Source "lmi"]
[SourceDate "2009.11.22"]

1. e4 c5 2. c3 d5 3. exd5 Qxd5 4. d4 Nf6 5. Nf3 e6 6. Be3 cxd4 7. cxd4 Nc6 8.
Nc3 Qa5 9. a3 Be7 10. Bc4 O-O 11. O-O a6 12. Qe2 Qh5 13. Ne5 Qxe2 14. Bxe2 Nxe5
15. dxe5 Nd7 16. f4 b5 17. Rfd1 g5 18. Ne4 gxf4 19. Bxf4 Nb6 20. Rd3 Bb7 21.
Nf6+ Bxf6 22. exf6 Be4 23. Rd4 Bg6 24. Bf3 Rac8 25. Bb7 Rc2 26. Bh6 Re8 27.
Rad1 Nd5 28. b4 Rb8 29. Bxd5 exd5 30. Rxd5 Re8 31. Rd8 Rce2 32. Rxe8+ Rxe8 33.
Rd6 Ra8 34. Kf2 Be4 35. g4 Bc2 36. Ke3 Bb3 37. Kd4 Be6 38. h3 Bc4 39. Kc5 Bf1
40. h4 Be2 41. g5 Bf3 42. Kb6 Be4 43. Ka5 Bc2 44. Rd7 Bb3 45. Re7 Bd1 46. Kb6
Bc2 47. Kb7 Rd8 48. Kxa6 Ba4 49. h5 Ra8+ 50. Kb7 Rd8 51. g6 hxg6 52. hxg6 Bb3
53. Kc6 fxg6 54. Kxb5 Rb8+ 55. Kc6 Bf7 56. Rc7 Be8+ 57. Kd6 Bf7 58. Kc5 Ra8 59.
Bc1 g5 60. b5 Ra4 61. b6 1-0

[Event "Liga Madrid 2009-2010 Division de Honor"]
[Site "Madrid ESP"]
[Date "2010.02.14"]
[Round "10.42"]
[White "Hernandez Gallardo, Francisco Javier"]
[Black "De La Fuente Gonzalez, Francisco"]
[Result "1/2-1/2"]
[WhiteElo "2360"]
[BlackElo "2237"]
[PlyCount "131"]
[EventDate "2009.11.22"]
[EventType "team"]
[EventRounds "14"]
[EventCountry "ESP"]
[Source "lmi"]
[SourceDate "2009.11.22"]

1. e4 e5 2. Bc4 Nf6 3. d3 Nc6 4. Nc3 Bb4 5. Nge2 d5 6. exd5 Nxd5 7. O-O Be6 8.
Bb5 Qd7 9. Ne4 a6 10. Ba4 Nb6 11. Bb3 Bxb3 12. axb3 O-O-O 13. Be3 f5 14. N4c3
Nd5 15. Nxd5 Qxd5 16. Nc3 Qe6 17. f3 Rhg8 18. Qe2 g5 19. Na4 Qd5 20. Kh1 Nd4
21. Qf2 f4 22. Bxd4 exd4 23. c3 Be7 24. b4 Kb8 25. c4 Qf5 26. Qd2 g4 27. b5 Rg6
28. bxa6 Rdg8 29. fxg4 Rxg4 30. Rf2 Qh5 31. Qe2 Bd6 32. Qf3 bxa6 33. Re2 Rh4
34. Qxh5 Rxh5 35. Rf1 Rxh2+ 36. Kxh2 f3+ 37. Kg1 fxe2 38. Re1 Re8 39. Kf2 Re3
40. Rxe2 Bg3+ 41. Kf1 Rxd3 42. Re8+ Ka7 43. Ke2 Rb3 44. Re6 Rb4 45. b3 Bd6 46.
Kd3 Rxb3+ 47. Kxd4 Rg3 48. Re2 Ra3 49. Nc3 h5 50. Re6 Bc5+ 51. Kxc5 Rxc3 52.
Rh6 Kb7 53. Rxh5 Rg3 54. Rh2 Rg5+ 55. Kb4 Kb6 56. Rh6+ c6 57. g3 a5+ 58. Ka4
Rxg3 59. Rh1 Kc5 60. Rh5+ Kxc4 61. Kxa5 c5 62. Rh4+ Kd3 63. Kb5 c4 64. Rxc4
Rg5+ 65. Rc5 Rxc5+ 66. Kxc5 1/2-1/2

[Event "Liga Madrid 2009-2010 Division de Honor"]
[Site "Madrid ESP"]
[Date "2010.02.14"]
[Round "10.43"]
[White "Sanchez-Alarcos Galian, Victor"]
[Black "Solaesa Navalpotro, Luis Julio"]
[Result "0-1"]
[WhiteElo "2149"]
[BlackElo "2224"]
[PlyCount "94"]
[EventDate "2009.11.22"]
[EventType "team"]
[EventRounds "14"]
[EventCountry "ESP"]
[Source "lmi"]
[SourceDate "2009.11.22"]

1. d4 Nf6 2. Nf3 e6 3. c4 Nc6 4. Nc3 d6 5. e4 g6 6. Be2 Bg7 7. O-O O-O 8. h3
Re8 9. Be3 e5 10. dxe5 Nxe5 11. Nxe5 dxe5 12. Qxd8 Rxd8 13. Nd5 Rd7 14. Rad1 c6
15. Nc7 Rxc7 16. Rd8+ Bf8 17. Bh6 Nd7 18. Bg4 f5 19. exf5 Kf7 20. fxg6+ hxg6
21. Rd1 Bxh6 22. Bxd7 Bg5 23. Rxc8 Raxc8 24. Bxc8 Rxc8 25. Rd7+ Be7 26. Rxb7
Rd8 27. Rxa7 Rd1+ 28. Kh2 Rd2 29. b4 Rxf2 30. b5 cxb5 31. cxb5 Rb2 32. Kg3 Rxb5
33. Kf3 Ke6 34. g4 g5 35. Ra8 Kd5 36. Ra7 e4+ 37. Ke2 Bd6 38. Rh7 Rb2+ 39. Kf1
Bg3 40. a4 e3 41. Re7 Rf2+ 42. Kg1 e2 43. a5 Rf1+ 44. Kg2 e1=Q 45. Rxe1 Rxe1
46. Kxg3 Re3+ 47. Kg2 Ra3 0-1

[Event "Liga Madrid 2009-2010 Division de Honor"]
[Site "Madrid ESP"]
[Date "2010.02.14"]
[Round "10.44"]
[White "Fraga Castro, Jose Carlos"]
[Black "Arauz Alonso, Fernando"]
[Result "1-0"]
[WhiteElo "2220"]
[BlackElo "2140"]
[PlyCount "103"]
[EventDate "2009.11.22"]
[EventType "team"]
[EventRounds "14"]
[EventCountry "ESP"]
[Source "lmi"]
[SourceDate "2009.11.22"]

1. d4 d5 2. Bg5 Nf6 3. Bxf6 exf6 4. e3 c6 5. c4 dxc4 6. Bxc4 Bd6 7. Nf3 Nd7 8.
Nc3 O-O 9. O-O f5 10. Qc2 Nf6 11. Rab1 Qe7 12. Bd3 g6 13. a3 Re8 14. g3 Be6 15.
Rfe1 Bd5 16. Nxd5 cxd5 17. Rbc1 Rac8 18. Qb3 Rc7 19. Rc2 Rec8 20. Rec1 Kg7 21.
Nd2 h5 22. Rxc7 Rxc7 23. Rxc7 Qxc7 24. Qc2 Qe7 25. Kg2 h4 26. Nf3 hxg3 27. hxg3
Nd7 28. a4 Nb8 29. Qb3 Nc6 30. Qxd5 Nb4 31. Qc4 a6 32. Nd2 Qe6 33. Be2 Be7 34.
Qc7 b6 35. Qb7 g5 36. Bxa6 Nxa6 37. Qxa6 Qc6+ 38. Kg1 Qc1+ 39. Nf1 Qxb2 40. Qd3
Qb4 41. Qxf5 Qxa4 42. Nh2 Qa5 43. Qd7 Qb4 44. Kg2 Qd6 45. Qb5 Qe6 46. Qb1 Qd5+
47. Kg1 b5 48. Ng4 Bd6 49. Nh2 b4 50. Nf1 Qf3 51. Nd2 Be7 52. Nxf3 1-0

[Event "Liga Madrid 2009-2010 Division de Honor"]
[Site "Madrid ESP"]
[Date "2010.02.14"]
[Round "10.45"]
[White "Ruiz Martin, Juan"]
[Black "Ramirez Garcia, Jorge Alberto"]
[Result "0-1"]
[WhiteElo "2037"]
[BlackElo "2175"]
[PlyCount "64"]
[EventDate "2009.11.22"]
[EventType "team"]
[EventRounds "14"]
[EventCountry "ESP"]
[Source "lmi"]
[SourceDate "2009.11.22"]

1. e4 e6 2. d4 d5 3. Nc3 Nf6 4. e5 Nfd7 5. f4 c5 6. Nf3 Nc6 7. Be3 Qb6 8. Na4
Qa5+ 9. c3 b6 10. f5 cxd4 11. b4 Nxb4 12. cxb4 Bxb4+ 13. Bd2 Bxd2+ 14. Nxd2
Nxe5 15. fxe6 fxe6 16. Qh5+ Ng6 17. Bd3 O-O 18. Bc2 b5 19. Nb2 Qc3 20. O-O-O
Rf5 21. Qe2 Nf4 22. Qxb5 d3 23. Nxd3 Bd7 24. Qa6 Ne2+ 25. Kb1 Nd4 26. Ne1 Bb5
27. Qd6 Nxc2 28. Nxc2 Bd3 29. Rc1 Qxd2 30. Qxe6+ Rf7 31. Qc6 Rb8+ 32. Ka1 Bc4
0-1

[Event "Liga Madrid 2009-2010 Division de Honor"]
[Site "Madrid ESP"]
[Date "2010.02.14"]
[Round "10.46"]
[White "Mansilla Tolosa, Luis"]
[Black "Beltran de Heredia Eguiazabal, Miguel Angel"]
[Result "1-0"]
[WhiteElo "2099"]
[BlackElo "2054"]
[PlyCount "131"]
[EventDate "2009.11.22"]
[EventType "team"]
[EventRounds "14"]
[EventCountry "ESP"]
[Source "lmi"]
[SourceDate "2009.11.22"]

1. d4 Nf6 2. c4 g6 3. Nc3 Bg7 4. e4 d6 5. f4 O-O 6. Nf3 c5 7. d5 e6 8. dxe6
fxe6 9. Bd3 Nc6 10. O-O Nd4 11. Nxd4 cxd4 12. Nb5 a6 13. Nxd6 Qxd6 14. e5 Qc7
15. exf6 Bxf6 16. b3 Bd7 17. Bb2 Rae8 18. Be4 Bc6 19. Qd3 Bg7 20. g3 e5 21.
fxe5 Rxf1+ 22. Rxf1 Qxe5 23. Bxc6 bxc6 24. Bc1 Qe2 25. Qxe2 Rxe2 26. Rf2 Re4
27. Kf1 d3 28. Bd2 Be5 29. Bh6 Bd6 30. Rd2 Rd4 31. Be3 Bb4 32. Bxd4 Bxd2 33.
Kf2 Kf7 34. Be3 Bc3 35. Bc5 Bd2 36. Be3 Bc3 37. Bg5 Bd4+ 38. Kf3 Bg1 39. Be3 d2
40. Bxd2 Bb6 41. Be3 Bc7 42. Ke4 Ke6 43. Bf4 Bb6 44. b4 h5 45. h3 Bf2 46. g4
hxg4 47. hxg4 Be1 48. a3 Ke7 49. Kd4 Kd7 50. Be3 Kd6 51. Ke4 Bc3 52. Bf4+ Ke6
53. Kd3 Be1 54. Bd2 Bf2 55. Ke4 Bb6 56. a4 Bc7 57. a5 Kd7 58. Kd4 Bg3 59. Be3
Kc7 60. b5 cxb5 61. cxb5 Kb7 62. bxa6+ Kxa6 63. Bd2 Bc7 64. Kd5 g5 65. Ke4 Bd8
66. Kf5 1-0

[Event "Liga Madrid 2009-2010 Division de Honor"]
[Site "Madrid ESP"]
[Date "2010.02.21"]
[Round "11.11"]
[White "Moreno Ruiz, Javier"]
[Black "Almagro Llamas, Pablo"]
[Result "1/2-1/2"]
[WhiteElo "2459"]
[BlackElo "2453"]
[PlyCount "113"]
[EventDate "2009.11.22"]
[EventType "team"]
[EventRounds "14"]
[EventCountry "ESP"]
[Source "lmi"]
[SourceDate "2009.11.22"]

1. e4 c6 2. c4 d5 3. exd5 cxd5 4. cxd5 Nf6 5. Bb5+ Nbd7 6. Nc3 g6 7. d4 Bg7 8.
d6 exd6 9. Qe2+ Qe7 10. Bf4 Qxe2+ 11. Bxe2 Ke7 12. Bf3 Rd8 13. Nge2 Nb6 14. O-O
h6 15. h4 Bg4 16. Bxb7 Rab8 17. Bc6 Rdc8 18. d5 Nc4 19. b3 Nh5 20. Rae1 Nxf4
21. Nxf4+ Ne5 22. Nd3 Kf8 23. Nxe5 Bxe5 24. Ne4 Rb4 25. f3 Bf5 26. g4 Bxe4 27.
Rxe4 Rxe4 28. fxe4 Rb8 29. Kf2 Ke7 30. Rc1 Bd4+ 31. Kf3 Kf6 32. Ba4 Bc5 33. Rc4
Ke5 34. Bd7 Rb7 35. Bc6 Rb8 36. Ra4 Rf8 37. Bd7 Ra8 38. Bb5 h5 39. gxh5 gxh5
40. Rc4 a5 41. Rc2 Rg8 42. Rg2 Rxg2 43. Kxg2 Kxe4 44. Be8 Kxd5 45. Bxf7+ Ke5
46. Bxh5 Kf6 47. Kf3 Kg7 48. Bg4 Kh8 49. Ke4 Kg7 50. Kd5 Kh8 51. Kc6 Kg7 52.
Kb5 Bb4 53. Ka4 Kh8 54. a3 Bc5 55. b4 axb4 56. axb4 Bxb4 57. Kxb4 1/2-1/2

[Event "Liga Madrid 2009-2010 Division de Honor"]
[Site "Madrid ESP"]
[Date "2010.02.21"]
[Round "11.12"]
[White "Rubio Mejia, Luis Ignacio"]
[Black "De La Fuente Gonzalez, Francisco"]
[Result "1-0"]
[WhiteElo "2350"]
[BlackElo "2237"]
[PlyCount "59"]
[EventDate "2009.11.22"]
[EventType "team"]
[EventRounds "14"]
[EventCountry "ESP"]
[Source "lmi"]
[SourceDate "2009.11.22"]

1. d4 d5 2. c4 c6 3. Nc3 Nf6 4. Nf3 e6 5. Bg5 Nbd7 6. e3 h6 7. Bh4 Be7 8. Rc1
O-O 9. Bd3 dxc4 10. Bxc4 Nd5 11. Bg3 Nxc3 12. bxc3 c5 13. O-O Nf6 14. Qe2 Bd7
15. Ne5 Ba4 16. Qf3 Nd5 17. Bb3 Bxb3 18. axb3 cxd4 19. c4 Nb4 20. exd4 Nc6 21.
Rfd1 Bg5 22. Rb1 Rc8 23. d5 Nxe5 24. Bxe5 Qe7 25. Qg3 Rcd8 26. d6 Qd7 27. h4 f6
28. Bb2 e5 29. hxg5 hxg5 30. Qf3 1-0

[Event "Liga Madrid 2009-2010 Division de Honor"]
[Site "Madrid ESP"]
[Date "2010.02.21"]
[Round "11.13"]
[White "Alcaraz Amoros, Antonio"]
[Black "Anton Guijarro, David"]
[Result "1/2-1/2"]
[WhiteElo "2010"]
[BlackElo "2300"]
[PlyCount "60"]
[EventDate "2009.11.22"]
[EventType "team"]
[EventRounds "14"]
[EventCountry "ESP"]
[Source "lmi"]
[SourceDate "2009.11.22"]

1. c4 Nf6 2. Nc3 e5 3. Nf3 Nc6 4. d4 exd4 5. Nxd4 Bb4 6. Bg5 h6 7. Bh4 Ne5 8.
e3 Ng6 9. Bg3 Ne4 10. Ndb5 Nxg3 11. hxg3 O-O 12. Qb3 Bxc3+ 13. Nxc3 d6 14.
O-O-O Be6 15. Qxb7 Ne5 16. Nd5 Bxd5 17. Qxd5 Rb8 18. f4 Ng4 19. Qf3 f5 20. Rd2
Re8 21. Qd5+ Kh8 22. Qxf5 Nxe3 23. Qg6 Nxf1 24. Rxf1 Rb4 25. Rc2 Qe7 26. g4 Rf8
27. Qd3 Rxf4 28. Rxf4 Qe1+ 29. Qd1 Qe3+ 30. Qd2 Qg1+ 1/2-1/2

[Event "Liga Madrid 2009-2010 Division de Honor"]
[Site "Madrid ESP"]
[Date "2010.02.21"]
[Round "11.14"]
[White "Perez De Aranda Alonso, Leonardo"]
[Black "Sanchez Naranjo, Jose Manuel"]
[Result "0-1"]
[WhiteElo "2216"]
[BlackElo "2090"]
[PlyCount "122"]
[EventDate "2009.11.22"]
[EventType "team"]
[EventRounds "14"]
[EventCountry "ESP"]
[Source "lmi"]
[SourceDate "2009.11.22"]

1. b3 e5 2. Bb2 d6 3. e3 Nf6 4. d3 Be7 5. Nf3 O-O 6. Be2 a5 7. a4 b6 8. O-O Bb7
9. Na3 Nbd7 10. Nc4 Nd5 11. Nfd2 f5 12. Bf3 Bf6 13. e4 Ne7 14. exf5 Bxf3 15.
Qxf3 d5 16. Ne3 e4 17. dxe4 Bxb2 18. Rad1 Bd4 19. Ndc4 dxc4 20. Rxd4 Nc6 21.
Rd5 Nde5 22. Qe2 Qe7 23. f4 Nf7 24. Qxc4 Nb4 25. Re5 Qd6 26. c3 Qd2 27. Ng4 Nd3
28. Rd5 Rad8 29. Nf2 Rxd5 30. Qxd5 Rd8 31. Qc4 Nxf2 32. Rxf2 Qe1+ 33. Rf1 Qe3+
34. Kh1 Qd3 35. e5 Qxc4 36. bxc4 Nh6 37. g4 Nxg4 38. Rg1 Nf2+ 39. Kg2 Ne4 40.
f6 g6 41. Kf3 Nc5 42. f5 Kf7 43. Kf4 Nd3+ 44. Ke4 Nc5+ 45. Kf4 Rd2 46. fxg6+
hxg6 47. h4 Rf2+ 48. Ke3 Rf5 49. Kd4 Nxa4 50. Re1 Ke6 51. Rg1 Kf7 52. Re1 Nc5
53. Kd5 Ne6 54. Kc6 Rf4 55. h5 gxh5 56. Rd1 Rxc4+ 57. Kd5 Rxc3 58. Rh1 a4 59.
Ke4 Rc4+ 60. Kd3 Rd4+ 61. Kc3 h4 0-1

[Event "Liga Madrid 2009-2010 Division de Honor"]
[Site "Madrid ESP"]
[Date "2010.02.21"]
[Round "11.15"]
[White "Ruiz Martin, Juan"]
[Black "Rodriguez De Castro, Ayar"]
[Result "0-1"]
[WhiteElo "2037"]
[BlackElo "2113"]
[PlyCount "92"]
[EventDate "2009.11.22"]
[EventType "team"]
[EventRounds "14"]
[EventCountry "ESP"]
[Source "lmi"]
[SourceDate "2009.11.22"]

1. e4 e6 2. d4 d5 3. Nc3 Nf6 4. e5 Nfd7 5. f4 c5 6. Nf3 Nc6 7. Be3 Qb6 8. Na4
Qa5+ 9. c3 c4 10. Be2 Qc7 11. b4 cxb3 12. axb3 Be7 13. O-O O-O 14. Ng5 Nd8 15.
Bd3 f5 16. exf6 Nxf6 17. Qc2 h6 18. Nf3 Nf7 19. Ne5 Nd6 20. g4 Nfe4 21. Nc5 b6
22. Nxe4 Nxe4 23. Bxe4 dxe4 24. c4 Bb7 25. Rf2 Bd6 26. Raf1 Bxe5 27. fxe5 Rf3
28. Rxf3 exf3 29. Kf2 Qe7 30. Kg3 Rf8 31. Rf2 Qf7 32. h4 h5 33. g5 g6 34. Kh2
Kg7 35. Kg1 Bc6 36. Kf1 Qb7 37. Qc3 Rc8 38. Rb2 b5 39. Qb4 Rd8 40. Ra2 a6 41.
Rxa6 Rf8 42. Ra2 f2 43. Bxf2 Bg2+ 44. Ke1 Qe4+ 45. Kd2 Rxf2+ 46. Kc3 Qe3# 0-1